000 00575nam a2200193Ia 4500
005 20250508160210.0
008 008 250505s9999 xx 000 0 eng d
037 _aBooks to be hide in OPAC
040 _aFEDL
_beng
_cFEDL
041 _aeng
_2eng
084 _a375.6151, UNI/O
_qFEDL
100 _aRudd Wortley F
_9768108
245 0 _aPharmaceutical education
260 _aWashington, USA
_bU.S. Government Printing Office
_c1921
300 _a15p.
546 _aBulletin, 1921, No. 11
942 _cHB
_h375.6151, UNI/O
999 _c1362600
_d1362600